Statistiques concernant Pays dont la capitales comptent plus de 2M d'habitants

Cliquez ici pour prendre le quiz!

Statistiques générales

  • Ce quiz a été pris 169 fois
    (163 depuis la dernière actualisation)
  • Le résultat moyen est 38 sur 49

Statistiques - réponses

ContinentPaysPopulationPremière lettre% Correct
AsieChine21 300 000P
96%
AsieJapon13 953 972T
96%
EuropeRoyaume-Uni9 721 000L
96%
EuropeRussie12 507 000M
96%
AmériqueÉtats Unis7 710 000W
95%
AmériqueMexique9 209 944M
95%
AsieInde16 787 983D
94%
EuropeFrance2 187 526P
93%
AsieIndonésie10 639 000J
92%
EuropeAllemagne3 669 000B
90%
AmériqueBrésil2 648 532B
90%
EuropeEspagne3 334 720M
90%
AmériqueArgentine2 891 082B
89%
AfriqueÉgypte9 540 000L C
89%
AfriqueAlgérie3 916 000A
87%
AsieCorée du Sud9 985 652S
87%
AmériquePérou10 628 470L
85%
AsieIran8 693 706T
84%
AmériqueColombie7 613 303B
83%
AsieArabie saoudite4 878 723R
82%
AmériqueChili5 084 038S
82%
EuropeItalie2 808 293R
82%
AfriqueRépublique Démocratique du Congo2 204 773K
82%
AsieThaïlande8 249 117B
82%
AsieTurquie5 504 000A
82%
AsieViêt Nam3 398 889H
80%
AsieBangladesh8 906 000D
77%
AmériqueÉquateur2 011 000Q
76%
EuropeUkraine2 919 831K
76%
AmériqueVenezuela2 082 000C
73%
AsieAfghanistan4 435 000K
72%
AsieSingapour5 685 000S
71%
AsieCambodge2 282 000P
70%
AsieCorée du Nord2 870 000P
70%
AfriqueKenya4 397 000N
68%
AmériqueCuba2 135 498L H
66%
AfriqueÉthiopie3 103 999A
65%
AsieIraq7 216 040B
65%
AsieSyrie2 079 000B
62%
AsieQatar2 382 000D
58%
AfriqueAngola2 572 000L
57%
AsieTaïwan2 646 000T
57%
AsieYémen2 545 000S
57%
AsieKoweït2 380 000K
55%
AfriqueSomalie2 120 000M
54%
AsieJordanie2 182 000A
53%
AsieAzerbaïdjan2 204 200B
51%
AsieOuzbékistan2 393 000T
51%
AfriqueMadagascar3 369 000A
49%

Distribution des résultats

Percentile par nombre de réponses

% des personnes avec chaque résultat

Votre développement - résultats

Vous n’avez pas pris ce quiz depuis la dernière actualisation